Score 0/30 Timer 04:00
0 Plays Today
Author M or F? % Correct
Roald Dahl???
93.8%
J. K. Rowling???
90.1%
H. G. Wells???
84.6%
O. Henry???
84.5%
Toni Morrison???
83.5%
Harper Lee???
77%
Yann Martel???
74.3%
Willa Cather???
72.5%
Booth Tarkington???
68.8%
François-Marie Arouet???
68.3%
V. S. Naipaul???
68.3%
E. L. Doctorow???
67.7%
Robin Cook???
65.7%
Eoin Colfer???
64.7%
Anaïs Nin???
63.9%
Author M or F? % Correct
E. B. White???
63.6%
George Eliot???
62.9%
Yasunari Kawabata???
62.4%
Bryce Courtenay???
62.2%
Jostein Gaarder???
61.4%
Saki???
60.1%
Milan Kundera???
59.5%
Chinua Achebe???
58.7%
L. M. Montgomery???
58.3%
A. S. Byatt???
57.1%
Evelyn Waugh???
54.3%
George Sand???
52.6%
Currer Bell???
45.5%
Carson McCullers???
44%
Isak Dinesen???
36.3%
Remove Ads.
Support Sporcle.
Get the best of Sporcle when you Go Orange. This ad-free experience offers more features, more stats, and more fun while also helping to support Sporcle. Thank you for becoming a member.

You're not logged in!

Compare scores with friends on all Sporcle quizzes.
OR
Log In

Show Comments

Extras

Top Quizzes Today


Score Distribution

Your Account Isn't Verified!

In order to create a playlist on Sporcle, you need to verify the email address you used during registration. Go to your Sporcle Settings to finish the process.

Report this User

Report this user for behavior that violates our Community Guidelines.

Details: